<?xml version="1.0" encoding="UTF-8"?><?xml-stylesheet type="text/xsl" href="static/style.xsl"?><OAI-PMH xmlns="http://www.openarchives.org/OAI/2.0/" xmlns:xsi="http://www.w3.org/2001/XMLSchema-instance" xsi:schemaLocation="http://www.openarchives.org/OAI/2.0/ http://www.openarchives.org/OAI/2.0/OAI-PMH.xsd"><responseDate>2026-04-14T05:16:28Z</responseDate><request verb="GetRecord" identifier="oai:www.recercat.cat:2445/177935" metadataPrefix="marc">https://recercat.cat/oai/request</request><GetRecord><record><header><identifier>oai:recercat.cat:2445/177935</identifier><datestamp>2025-12-05T13:09:37Z</datestamp><setSpec>com_2072_1057</setSpec><setSpec>col_2072_478798</setSpec><setSpec>col_2072_478917</setSpec><setSpec>col_2072_478921</setSpec></header><metadata><record xmlns="http://www.loc.gov/MARC21/slim" xmlns:dcterms="http://purl.org/dc/terms/" xmlns:xsi="http://www.w3.org/2001/XMLSchema-instance" xmlns:doc="http://www.lyncode.com/xoai" xsi:schemaLocation="http://www.loc.gov/MARC21/slim http://www.loc.gov/standards/marcxml/schema/MARC21slim.xsd">
   <leader>00925njm 22002777a 4500</leader>
   <datafield ind2=" " ind1=" " tag="042">
      <subfield code="a">dc</subfield>
   </datafield>
   <datafield ind2=" " ind1=" " tag="720">
      <subfield code="a">Cervera i Segura, Ricard, 1960-</subfield>
      <subfield code="e">author</subfield>
   </datafield>
   <datafield ind2=" " ind1=" " tag="720">
      <subfield code="a">Coca, Antonio</subfield>
      <subfield code="e">author</subfield>
   </datafield>
   <datafield ind2=" " ind1=" " tag="720">
      <subfield code="a">Closas Mestre, Josep</subfield>
      <subfield code="e">author</subfield>
   </datafield>
   <datafield ind2=" " ind1=" " tag="720">
      <subfield code="a">Font Franco, Josep, 1953-2006</subfield>
      <subfield code="e">author</subfield>
   </datafield>
   <datafield ind2=" " ind1=" " tag="720">
      <subfield code="a">Ingelmo Morín, Miguel</subfield>
      <subfield code="e">author</subfield>
   </datafield>
   <datafield ind2=" " ind1=" " tag="720">
      <subfield code="a">Balcells Gorina, Alfonso, 1915-2002</subfield>
      <subfield code="e">author</subfield>
   </datafield>
   <datafield ind2=" " ind1=" " tag="260">
      <subfield code="c">2021-06-02T14:20:28Z</subfield>
   </datafield>
   <datafield ind2=" " ind1=" " tag="260">
      <subfield code="c">2021-06-02T14:20:28Z</subfield>
   </datafield>
   <datafield ind2=" " ind1=" " tag="260">
      <subfield code="c">1985-10-01</subfield>
   </datafield>
   <datafield ind2=" " ind1=" " tag="260">
      <subfield code="c">2021-06-02T14:20:29Z</subfield>
   </datafield>
   <datafield ind2=" " ind1=" " tag="520">
      <subfield code="a">Se describen las características clínicas de una serie de 23 pacientes (13 varones, 10 mujeres) de edad media 61 ± 14 años, afectos de trombotlebitis paraneoplásica. Las trombotlebitis fueron recurrentes y migratorias en el 61 % de los casos, en el 70 % se localizaron en las extremidades interiores y en el 83 % precedieron al diagnóstico histológico de la neoplasia. Al detectarse la tromboflebitis existían signos y síntomas sugestivos de neoplasia en el 84 % de los casos. El cáncer de pulmón en el varón y el de ovario en la mujer fueron losasociados con mayor frecuencia; en el 91 % de los casos el tipo histológico fue carcinoma y en el 90 % se evidenciaron metástasis. En 2 pacientes se asoció una endocarditis trombótica no bacteriana (ETNB) en el. estudio necrópsico. El tratamiento con heparina fue ineficaz en la mitad de los pacientes y en el 39 % de los casos se produjo un tromboembolismo pulmonar (TEP) a pesar de la descoagulación. La comparación de la serie con los 4.817 pacientes neoplásicos del registro de tumores de nuestro hospital no mostró diferencias en cuanto al sexo y edad. Se constató asimismo que las neoplasias que con mayor frecuencia se asociaron a tromboflebitis fueron las de mayor prevalencia en la serie general.</subfield>
   </datafield>
   <datafield tag="653" ind2=" " ind1=" ">
      <subfield code="a">Tromboflebitis</subfield>
   </datafield>
   <datafield tag="653" ind2=" " ind1=" ">
      <subfield code="a">Càncer</subfield>
   </datafield>
   <datafield tag="653" ind2=" " ind1=" ">
      <subfield code="a">Estudi de casos</subfield>
   </datafield>
   <datafield tag="653" ind2=" " ind1=" ">
      <subfield code="a">Thrombophlebitis</subfield>
   </datafield>
   <datafield tag="653" ind2=" " ind1=" ">
      <subfield code="a">Cancer</subfield>
   </datafield>
   <datafield tag="653" ind2=" " ind1=" ">
      <subfield code="a">Case studies</subfield>
   </datafield>
   <datafield ind2="0" ind1="0" tag="245">
      <subfield code="a">Tromboflebitis asociadas a neoplasias. Estudio de 23 casos</subfield>
   </datafield>
   <datafield ind2="0" ind1="0" tag="245">
      <subfield code="a">Thrombophlebitis associated to neoplasia. Evaluation of 23 cases</subfield>
   </datafield>
</record></metadata></record></GetRecord></OAI-PMH>